000 00812nam a22002057a 4500
005 20240708145855.0
008 090826t xxu||||| |||| 00| 0 eng d
010 _aENG-140810
020 _a978-93-560-6285-6
_c795.00
035 _aEN-124342
037 _bDBAD
082 _a000
_27th
100 _aby Sinha,Nishit K.
_963720
245 _aLogical Resoning And Data Interpretation
_cby Nishit K.Sinha
_hEnglish
260 _bby Person India Education Services Pvt. Ltd,CIN: U72200TN2005PTC057128.
_aUttar Pradesh
_c2022
270 _a15th Floor,Tower-B,World Trade Tower,PlotNo.1,Block-C,Sector16,Noida201 301,
_bUttar Pradesh
_e201 302
_k044-66540100
300 _avarious pages:
_c25cm(pb)
700 _968219
942 _2ddc
_cEN
_h000
_mSin
_e7th
999 _c204005
_d204005